<?xml version="1.0" encoding="UTF-8"?>
<record
    xmlns:xsi="http://www.w3.org/2001/XMLSchema-instance"
    xsi:schemaLocation="http://www.loc.gov/MARC21/slim http://www.loc.gov/standards/marcxml/schema/MARC21slim.xsd"
    xmlns="http://www.loc.gov/MARC21/slim">

  <leader>00484    a2200169   4500</leader>
  <datafield tag="999" ind1=" " ind2=" ">
    <subfield code="c">416</subfield>
    <subfield code="d">416</subfield>
  </datafield>
  <controlfield tag="008">221215b           ||||| |||| 00| 0 eng d</controlfield>
  <datafield tag="020" ind1=" " ind2=" ">
    <subfield code="a">9780070585959</subfield>
  </datafield>
  <datafield tag="082" ind1="0" ind2="0">
    <subfield code="a">004.165</subfield>
    <subfield code="b">D456</subfield>
  </datafield>
  <datafield tag="100" ind1=" " ind2=" ">
    <subfield code="a">Deshmukh, Ajay V.</subfield>
    <subfield code="9">5394</subfield>
  </datafield>
  <datafield tag="245" ind1=" " ind2=" ">
    <subfield code="a">Microcontroller: Theory and Applications /</subfield>
  </datafield>
  <datafield tag="250" ind1=" " ind2=" ">
    <subfield code="a">2nd ed.</subfield>
  </datafield>
  <datafield tag="260" ind1=" " ind2=" ">
    <subfield code="a">New Delhi: </subfield>
    <subfield code="b">McGraw Hill, </subfield>
    <subfield code="c">2016.</subfield>
  </datafield>
  <datafield tag="300" ind1=" " ind2=" ">
    <subfield code="a">xix, 334 p.  </subfield>
  </datafield>
  <datafield tag="490" ind1="0" ind2=" ">
    <subfield code="a">Computer Engineering Series</subfield>
  </datafield>
  <datafield tag="650" ind1=" " ind2="0">
    <subfield code="a">Microcomputers</subfield>
  </datafield>
  <datafield tag="942" ind1=" " ind2=" ">
    <subfield code="2">ddc</subfield>
    <subfield code="c">BK</subfield>
  </datafield>
  <datafield tag="952" ind1=" " ind2=" ">
    <subfield code="0">0</subfield>
    <subfield code="1">0</subfield>
    <subfield code="2">ddc</subfield>
    <subfield code="4">0</subfield>
    <subfield code="6">004_165000000000000_D456</subfield>
    <subfield code="7">0</subfield>
    <subfield code="9">1542</subfield>
    <subfield code="a">CL</subfield>
    <subfield code="b">CL</subfield>
    <subfield code="d">2017-03-15</subfield>
    <subfield code="e">B. Bross &amp; Co.</subfield>
    <subfield code="g">383.25</subfield>
    <subfield code="o">004.165 D456</subfield>
    <subfield code="p">12045</subfield>
    <subfield code="r">2019-09-26</subfield>
    <subfield code="v">525.00</subfield>
    <subfield code="y">BK</subfield>
  </datafield>
  <datafield tag="952" ind1=" " ind2=" ">
    <subfield code="0">0</subfield>
    <subfield code="1">0</subfield>
    <subfield code="2">ddc</subfield>
    <subfield code="4">0</subfield>
    <subfield code="6">004_165000000000000_D456</subfield>
    <subfield code="7">0</subfield>
    <subfield code="9">1543</subfield>
    <subfield code="a">CL</subfield>
    <subfield code="b">CL</subfield>
    <subfield code="d">2017-03-15</subfield>
    <subfield code="e">B. Bross &amp; Co.</subfield>
    <subfield code="g">383.25</subfield>
    <subfield code="o">004.165 D456</subfield>
    <subfield code="p">12046</subfield>
    <subfield code="r">2019-09-26</subfield>
    <subfield code="v">525.00</subfield>
    <subfield code="y">BK</subfield>
  </datafield>
  <datafield tag="952" ind1=" " ind2=" ">
    <subfield code="0">0</subfield>
    <subfield code="1">0</subfield>
    <subfield code="2">ddc</subfield>
    <subfield code="4">0</subfield>
    <subfield code="6">004_165000000000000_D456</subfield>
    <subfield code="7">0</subfield>
    <subfield code="9">1544</subfield>
    <subfield code="a">CL</subfield>
    <subfield code="b">CL</subfield>
    <subfield code="d">2017-03-15</subfield>
    <subfield code="e">B. Bross &amp; Co.</subfield>
    <subfield code="g">383.25</subfield>
    <subfield code="o">004.165 D456</subfield>
    <subfield code="p">12047</subfield>
    <subfield code="r">2019-09-26</subfield>
    <subfield code="v">525.00</subfield>
    <subfield code="y">BK</subfield>
  </datafield>
  <datafield tag="952" ind1=" " ind2=" ">
    <subfield code="0">0</subfield>
    <subfield code="1">0</subfield>
    <subfield code="2">ddc</subfield>
    <subfield code="4">0</subfield>
    <subfield code="6">004_165000000000000_D456</subfield>
    <subfield code="7">0</subfield>
    <subfield code="9">1545</subfield>
    <subfield code="a">CL</subfield>
    <subfield code="b">CL</subfield>
    <subfield code="d">2017-03-15</subfield>
    <subfield code="e">B. Bross &amp; Co.</subfield>
    <subfield code="g">383.25</subfield>
    <subfield code="o">004.165 D456</subfield>
    <subfield code="p">12048</subfield>
    <subfield code="r">2019-09-26</subfield>
    <subfield code="v">525.00</subfield>
    <subfield code="y">BK</subfield>
  </datafield>
  <datafield tag="952" ind1=" " ind2=" ">
    <subfield code="0">0</subfield>
    <subfield code="1">0</subfield>
    <subfield code="2">ddc</subfield>
    <subfield code="4">0</subfield>
    <subfield code="6">004_165000000000000_D456</subfield>
    <subfield code="7">0</subfield>
    <subfield code="9">1546</subfield>
    <subfield code="a">CL</subfield>
    <subfield code="b">CL</subfield>
    <subfield code="d">2017-03-15</subfield>
    <subfield code="e">B. Bross &amp; Co.</subfield>
    <subfield code="g">383.25</subfield>
    <subfield code="o">004.165 D456</subfield>
    <subfield code="p">12049</subfield>
    <subfield code="r">2019-09-26</subfield>
    <subfield code="v">525.00</subfield>
    <subfield code="y">BK</subfield>
  </datafield>
</record>
